000 00377nam a2200157Ia 4500
008 210210b1958 xxu||||| |||| 00| 0 eng d
041 _aeng
082 _a825/506
100 _aKNOX (Ronald)
245 _aLiteraty distractions
260 _aLondon
_bSheed and Ward
_c1958
650 _aLiteraty
650 _adistractions
690 _aEnglish Criticism
906 _a014822
999 _c134046
_d134046